Orders of Magnitude Multiple Choice - Statistics

General Stats
  • This quiz has been taken 21 times
  • The average score is 5 of 12
Answer Stats
Question Answer % Correct
Avogadro's constant 1023
100%
The distance from the Earth to the Sun, in meters 1011
50%
The rate at which the Moon recedes from Earth, in meters per year 10-2
50%
The distance moved by Earth's tectonic plates per year, in meters 10-2
50%
Average human height, in millimeters 103
50%
The diameter of the Earth, in meters 107
50%
Total human population of the Earth, as of 2022 109
50%
The diameter of an atom, in meters 10-10
25%
The number of days in a century 104
25%
The distance from Los Angeles to New York, in centimeters 108
25%
The total number of takes on JetPunk, as of February 2022 108
25%
The age of the universe, in seconds 1017
0%
No matching quizzes found
Score Distribution
Percent of People with Each Score
Percentile by Number Answered
Your Score History
You have not taken this quiz